Economía política de la transición

Saved in:
Bibliographic Details
Main Author: Foxley Ríoseco, Alejandro (Author)
Format: Book
Language:Spanish
Published: Santiago Dolmen 1993
Series:Colección Economía y Gestión
Subjects:
Tags: Add Tag
No Tags, Be the first to tag this record!

MARC

LEADER 00000nam a2200000 a 4500
001 UCQ2598
003 CL-VaPUC
008 980724e19930000CL |||||||||||||||||spa|d
082 0 4 |a 330.983  |b FOX  |2 21 
100 0 |a Foxley Ríoseco, Alejandro  |e author  |9 416592 
245 1 0 |a Economía política de la transición 
300 |a 245 p 
942 |c BK 
945 |d 19980724 00:00:00  |a aarredon 
260 |a Santiago  |b Dolmen  |c 1993 
650 0 |a Economía política  |9 255814 
650 7 |a TRANSICION POLITICA  |2 CL-VaPUC  |9 336913 
650 0 |a Democracia  |9 255256 
650 7 |a ORGANIZACIONES SOCIALES  |2 CL-VaPUC  |9 375889 
650 7 |a CONCERTACION  |2 CL-VaPUC  |9 313991 
651 7 |a CHILE  |2 CL-VaPUC  |9 416593 
583 |a last modification  |c 19980724 00:00:00  |k Rodrigo Vera 
490 0 |a Colección Economía y Gestión 
999 |c 273398  |d 273396 
952 |0 0  |1 0  |4 0  |6 330_983000000000000_FOX_1993  |7 0  |8 A  |9 308933  |a BIBHIS  |b BIBHIS  |d 2019-11-20  |i 3447200  |o 330.983 FOX 1993  |p 3447200  |r 2025-01-20  |w 2019-11-20  |y BK  |k HIS